Normal view
MARC view
- Gilbert, Daniel R.
Entry Personal Name
001 - CONTROL NUMBER
- control field: 131
003 - CONTROL NUMBER IDENTIFIER
- control field: BUBTlib
005 - DATE AND TIME OF LATEST TRANSACTION
- control field: 20151201171720.0
008 - FIXED-LENGTH DATA ELEMENTS
- fixed length control field: 140130|| aca||aabn | a|a d
040 ## - CATALOGING SOURCE
- Original cataloging agency: BUBTlib
100 ## - HEADING--PERSONAL NAME
- Personal name: Gilbert, Daniel R.
